01348nam a2200301 a 450000100100000000500170001000800410002702000180006804000250008608200190011110000310013024500730016126000550023430000400028949000240032949001120035350400260046559000260049165000600051765000620057765000360063965000480067583000310072383001210075491000370087595201170091299900170102900004233220201002040102.0131125s2013 dr ad 000 0 spa d a9789945888713 aDO-SdBNPbspacBNPHU a368.7071bO96g1 aOviedo, Rosa Divina96938513aLa gestión del riesgo :bun tema curricular /cRosa Divina Oviedo. aSanto Domingo :bMinisterio de Educación,c2013. a[56] p. :bil., gráfcs. ;c28 cm.1 aManuales Educativos1 aManual Metodológico para trabajar la Gestión del Riesgo en el aula. Manual de Capacitación Docentev1 aBibliografía: p. 27 aInventariado, 2018/LP 4aPrevención de desastres naturalesxEnseñanza969386 4aEscuelasxAdministración de riesgosxEnseñanza969387 4aEducación en seguridad969388 4aPrevención de accidentes escolares969389 0aManuales Educativos969392 0aManual Metodológico para trabajar la Gestión del Riesgo en el aula. Manual de Capacitación Docente ;v1969398 aValidado. Control de calidad EMS 0010718PDaPDbPDcHDd2013-11-25iLF1l0o368.7071 O96gp42332-10r2020-06-25w2020-06-25yLFPDZNo se presta c41821d41821